000 00481nam a2200181Ia 4500
005 20250326124903.0
008 250326s9999 xx 000 0 und d
037 _aTextbook
040 _aFMSL
_beng
_cFMSL
041 _aeng
_2eng
084 _aX:8DR K71
_qFMSL
100 _aGarbutt D
_9738168
245 0 _aPlanning for profits
_cGarbutt D
260 _aLondon
_bLondon, Gee & Co
_c1967
300 _a103p
942 _cTB
_hX:8DR K71
999 _c1275645
_d1275645